000 00741nam a22002657a 4500
003 dpl
005 20170124105936.0
008 161215b xxu||||| |||| 00| 0 eng d
010 _aA-368126
020 _c00.00
035 _aA-368126
037 _bCen Lib/Ret
040 _aDPL
_bEN
_cTIT
082 _a320.1
_bJOH
100 _aJohari, J.C.
_99963
245 _aConemporary political theory /
_cBy J.C. Johari
246 _b
250 _a2nd ed
260 _bSterling Publishers
_a1987
_cNew Delhi
270 _aL-10, green park extention
_bNew Delhi
_e110016
300 _axiv, 736p.
_c20cm(Hb)
650 _aPolitical science
_99964
650 _aFundamentals
_99965
942 _2ddc
_cEN
_h320.1
_mJOH
999 _c124248
_d124248